<?xml version="1.0" encoding="UTF-8"?>
<record
    xmlns:xsi="http://www.w3.org/2001/XMLSchema-instance"
    xsi:schemaLocation="http://www.loc.gov/MARC21/slim http://www.loc.gov/standards/marcxml/schema/MARC21slim.xsd"
    xmlns="http://www.loc.gov/MARC21/slim">

  <leader>01479nam0a2200337   4500</leader>
  <controlfield tag="001">RU\NLR\BIBL_A\022656194</controlfield>
  <controlfield tag="005">20260305111556.0</controlfield>
  <datafield tag="010" ind1=" " ind2=" ">
    <subfield code="a">978-5-00248-270-2</subfield>
    <subfield code="9">100</subfield>
  </datafield>
  <datafield tag="021" ind1=" " ind2=" ">
    <subfield code="a">RU</subfield>
    <subfield code="b">&#x41A;&#x41D;-&#x41F;-25-051776</subfield>
    <subfield code="9">&#x41A;&#x41D;-&#x41F;-25-5007</subfield>
  </datafield>
  <datafield tag="035" ind1=" " ind2=" ">
    <subfield code="a">(NLR Aleph) 022656194</subfield>
  </datafield>
  <datafield tag="090" ind1=" " ind2=" ">
    <subfield code="a">13555664</subfield>
    <subfield code="c">13555664</subfield>
  </datafield>
  <datafield tag="100" ind1=" " ind2=" ">
    <subfield code="a">20251029d2025    u  y0rusy50      ca</subfield>
  </datafield>
  <datafield tag="101" ind1="0" ind2=" ">
    <subfield code="a">rus</subfield>
  </datafield>
  <datafield tag="102" ind1=" " ind2=" ">
    <subfield code="a">RU</subfield>
  </datafield>
  <datafield tag="105" ind1=" " ind2=" ">
    <subfield code="a">a|||z|||000gy</subfield>
  </datafield>
  <datafield tag="181" ind1=" " ind2="0">
    <subfield code="a">i3</subfield>
    <subfield code="b">axxe  </subfield>
  </datafield>
  <datafield tag="182" ind1=" " ind2="0">
    <subfield code="a">n</subfield>
  </datafield>
  <datafield tag="200" ind1="1" ind2=" ">
    <subfield code="a">&#x414;&#x443;&#x448;&#x435;&#x432;&#x43D;&#x44B;&#x439; &#x440;&#x430;&#x437;&#x433;&#x43E;&#x432;&#x43E;&#x440;</subfield>
    <subfield code="e">&#x441;&#x431;&#x43E;&#x440;&#x43D;&#x438;&#x43A; &#x441;&#x442;&#x438;&#x445;&#x43E;&#x442;&#x432;&#x43E;&#x440;&#x435;&#x43D;&#x438;&#x439;</subfield>
    <subfield code="f">&#x41D;&#x430;&#x442;&#x430;&#x43B;&#x44C;&#x44F; &#x410;&#x43B;&#x435;&#x43A;&#x441;&#x435;&#x435;&#x43D;&#x43A;&#x43E;</subfield>
    <subfield code="g">&#x438;&#x43B;&#x43B;&#x44E;&#x441;&#x442;&#x440;&#x430;&#x446;&#x438;&#x438;: &#x41F;&#x440;&#x430;&#x441;&#x43E;&#x43B;&#x43E;&#x432;&#x430; &#x410;&#x43D;&#x43D;&#x430; &#x41F;&#x435;&#x442;&#x440;&#x43E;&#x432;&#x43D;&#x430;, &#x41F;&#x438;&#x441;&#x430;&#x43D;&#x44E;&#x43A; &#x414;&#x430;&#x43D;&#x438;&#x44D;&#x43B;&#x430; &#x411;&#x43E;&#x433;&#x434;&#x430;&#x43D;&#x43E;&#x432;&#x43D;&#x430;</subfield>
  </datafield>
  <datafield tag="203" ind1=" " ind2=" ">
    <subfield code="a">&#x422;&#x435;&#x43A;&#x441;&#x442;</subfield>
    <subfield code="b">&#x432;&#x438;&#x437;&#x443;&#x430;&#x43B;&#x44C;&#x43D;&#x44B;&#x439;</subfield>
    <subfield code="c">&#x43D;&#x435;&#x43F;&#x43E;&#x441;&#x440;&#x435;&#x434;&#x441;&#x442;&#x432;&#x435;&#x43D;&#x43D;&#x44B;&#x439;</subfield>
  </datafield>
  <datafield tag="210" ind1=" " ind2=" ">
    <subfield code="a">&#x41C;&#x43E;&#x441;&#x43A;&#x432;&#x430;</subfield>
    <subfield code="c">&#x422;&#x438;&#x43F;&#x43E;&#x433;&#x440;&#x430;&#x444;&#x438;&#x44F; &#x438;&#x43C;&#x435;&#x43D;&#x438; &#x41F;&#x443;&#x448;&#x43A;&#x438;&#x43D;&#x430;</subfield>
    <subfield code="d">2025</subfield>
  </datafield>
  <datafield tag="215" ind1=" " ind2=" ">
    <subfield code="a">113, [1] &#x441;.</subfield>
    <subfield code="c">&#x438;&#x43B;., &#x446;&#x432;. &#x438;&#x43B;.</subfield>
    <subfield code="d">22</subfield>
  </datafield>
  <datafield tag="327" ind1="1" ind2=" ">
    <subfield code="a">&#x421;&#x43E;&#x434;&#x435;&#x440;&#x436;.: &#x440;&#x430;&#x437;&#x434;&#x435;&#x43B;&#x44B;: &#x41E; &#x436;&#x438;&#x437;&#x43D;&#x438;; &#x41E; &#x43F;&#x440;&#x438;&#x440;&#x43E;&#x434;&#x435;; &#x41E; &#x43C;&#x43E;&#x435;&#x439; &#x441;&#x435;&#x43C;&#x44C;&#x435;; &#x41E; &#x43A;&#x43E;&#x43B;&#x43B;&#x435;&#x433;&#x430;&#x445;</subfield>
  </datafield>
  <datafield tag="686" ind1="2" ind2=" ">
    <subfield code="a">&#x428;6(2=&#x420;)8-5</subfield>
  </datafield>
  <datafield tag="700" ind1=" " ind2="1">
    <subfield code="a">&#x410;&#x43B;&#x435;&#x43A;&#x441;&#x435;&#x435;&#x43D;&#x43A;&#x43E;</subfield>
    <subfield code="b">&#x41D;. &#x41D;.</subfield>
    <subfield code="g">&#x41D;&#x430;&#x442;&#x430;&#x43B;&#x44C;&#x44F; &#x41D;.</subfield>
  </datafield>
  <datafield tag="702" ind1=" " ind2="1">
    <subfield code="a">&#x41F;&#x440;&#x430;&#x441;&#x43E;&#x43B;&#x43E;&#x432;&#x430;</subfield>
    <subfield code="b">&#x410;. &#x41F;.</subfield>
    <subfield code="g">&#x410;&#x43D;&#x43D;&#x430; &#x41F;&#x435;&#x442;&#x440;&#x43E;&#x432;&#x43D;&#x430;</subfield>
    <subfield code="4">440</subfield>
  </datafield>
  <datafield tag="702" ind1=" " ind2="1">
    <subfield code="a">&#x41F;&#x438;&#x441;&#x430;&#x43D;&#x44E;&#x43A;</subfield>
    <subfield code="b">&#x414;. &#x411;.</subfield>
    <subfield code="g">&#x414;&#x430;&#x43D;&#x438;&#x44D;&#x43B;&#x430; &#x411;&#x43E;&#x433;&#x434;&#x430;&#x43D;&#x43E;&#x432;&#x43D;&#x430;</subfield>
    <subfield code="4">440</subfield>
  </datafield>
  <datafield tag="942" ind1=" " ind2=" ">
    <subfield code="c">BOOK</subfield>
  </datafield>
  <datafield tag="980" ind1=" " ind2=" ">
    <subfield code="a">NB</subfield>
  </datafield>
</record>
